01605nam a2200361 a 4500001001000000003000500010005001700015008004100032010001100073011001100084040000900095090001000104100003900114245015900153260004100312500006000353502010900413590004100522590004000563590004000603590004000643650002600683650004400709650006700753650004500820856007000865901000700935942001000942942000600952999001900958952013100977952013501108000114061CHAP20220329144425.0171025s2017 mx sm |||||||spa d a110522 a111494 cCHAP aTesis1 aEspinoza Vergara, Gabriela913391510aAnálisis funcional de clones del virus del mosaico del nabo (TuMV) con proteínas (HC-Pro y Nlb) marcadash[En línea]cpor Gabriela Espinoza Vergara. aChapingo, Méx. :bEl autor,c2017. aPara ver el contenido del material haga clic en la liga aTesis (Ing. Agr. Esp. en Parasitología Agrícola) -- UACH. Departamento de Parasitología Agrícola aBATCH-UPDb05c20171025lUCH01h0928 aE6339RRRb05c20171025lUCH01h0927 aE6339RRRb05c20171025lUCH01h0928 aE6339RRRb05c20171025lUCH01h093014aMancha foliar.97030014aPlantasxEnfermedades por virus.98883414aTurnip Mosaic VirusxDetección selectiva genética.913391714aTurnip Mosaic VirusxMutación.9133916 aFinding aiduhttp://10.13.5.2/tesis/sist114061.pdfzTeclea aquí aBK cTESIS n0 c110522d110522 00104054718TESISaBCbBCd2017-10-25fTESISl0oTesisp114062-10r2019-12-31 00:00:00w2019-12-31yTESISzRecien adquirido 00102local4053708TESISaBCbBCcPA_TESISd2017-10-25fTESISl0oTesisp114062-20r2019-12-31 00:00:00tc.2w2019-12-31yTESIS